Control - One of the Pillars of Bureaucratic Organisation

Tradičná, resp. byrokratická organizácia je postavená na niekoľkých pilieroch, medzi ktoré zaraďujú okrem hierarchie, presných pravidiel, komunikácie smerom zhora na dol, vysokého stupňa formalizácie aj vysoký stupeň kontroly. Kontrola má v byrokraticky riadenej organizácii svoje špecifické postaven...

Description complète

Enregistré dans:
Détails bibliographiques
Auteur principal: Skorková, Zuzana, 1979-
Autres auteurs: Kováčik, Michal, 1983-
Format: Chapitre de livre
Langue:anglais
Sujets:
Tags: Ajouter un tag
Pas de tags, Soyez le premier à ajouter un tag!

MARC

LEADER 00000nla a2200000 4500
001 0242950
005 20240502083652.0
041 0 |a eng 
044 |a CZ 
245 1 0 |a Control - One of the Pillars of Bureaucratic Organisation  |c Zuzana Skorková, Michal Kováčik 
520 |a Tradičná, resp. byrokratická organizácia je postavená na niekoľkých pilieroch, medzi ktoré zaraďujú okrem hierarchie, presných pravidiel, komunikácie smerom zhora na dol, vysokého stupňa formalizácie aj vysoký stupeň kontroly. Kontrola má v byrokraticky riadenej organizácii svoje špecifické postavenie. S kritikou byrokracie sa v súčasnosti realizuje množstvo zmien aj v oblasti kontroly, ktoré sa snažia korigovať byrokratické disfunkcie. 
610 2 0 |a organizácie 
610 2 0 |a podnik 
610 2 0 |a byrokracia 
610 2 0 |a hierarchia podniková 
610 2 0 |a kontrola 
100 1 |a Skorková, Zuzana, 1979- 
700 1 |a Kováčik, Michal, 1983-